书目信息 |
| 题名: |
馆校结合·科学教育与新媒体
|
|
| 作者: | 赵立新 , 钟琦 主编 | |
| 分册: | ||
| 出版信息: | 北京 科学普及出版社 2015.07 |
|
| 页数: | 604页 | |
| 开本: | 24cm | |
| 丛书名: | 馆校结合 | |
| 单 册: | ||
| 中图分类: | N282-53 | |
| 科图分类: | ||
| 主题词: | 科学馆--科学教育学--中国--文集 | |
| 电子资源: | ||
| ISBN: | 978-7-110-09077-0 | |
| 000 | 01102oam2 2200277 450 | |
| 001 | 0120151634746 | |
| 005 | 20160704084838.88 | |
| 010 | @a978-7-110-09077-0@dCNY96.00 | |
| 100 | @a20150814d2015 em y0chiy50 ea | |
| 101 | 0 | @achi |
| 102 | @aCN@b110000 | |
| 105 | @aak z 000yy | |
| 106 | @ar | |
| 200 | 1 | @a馆校结合·科学教育与新媒体@9guan xiao jie he · ke xue jiao yu yu xin mei ti@f赵立新,钟琦主编 |
| 210 | @a北京@c科学普及出版社@d2015.07 | |
| 215 | @a604页@c图@d24cm | |
| 225 | 2 | @a馆校结合@i科学教育书系 |
| 330 | @a《馆校结合·科学教育与新媒体》收录了第五届“馆校结合·科学教育”论坛优秀投稿论文共计90篇,主题涵盖了科普场馆科学教育理念,科普场馆资源开发和利用,科普场馆与学校相结合的科学教育课程与活动,科普场馆针对不同年龄青少年的科学主题展览设计,科普场馆科学教育活动设计与评估等方面内容。 | |
| 333 | @a教育工作者 | |
| 462 | 0 | @12001 @a馆校结合@i科学教育书系 |
| 606 | 0 | @a科学馆@x科学教育学@y中国@j文集 |
| 690 | @aN282-53@v5 | |
| 701 | 0 | @a赵立新@9zhao li xin@4主编 |
| 701 | 0 | @a钟琦@9zhong qi@4主编 |
| 801 | 0 | @aCN@b人天书店@c20150814 |
| 905 | @b879964-69@dN282-53@e99@f6 | |
| 馆校结合·科学教育与新媒体/赵立新,钟琦主编.-北京:科学普及出版社,2015.07 |
| 604页:图;24cm.-(馆校结合.科学教育书系) |
| 使用对象:教育工作者 |
| ISBN 978-7-110-09077-0:CNY96.00 |
| 《馆校结合·科学教育与新媒体》收录了第五届“馆校结合·科学教育”论坛优秀投稿论文共计90篇,主题涵盖了科普场馆科学教育理念,科普场馆资源开发和利用,科普场馆与学校相结合的科学教育课程与活动,科普场馆针对不同年龄青少年的科学主题展览设计,科普场馆科学教育活动设计与评估等方面内容。 |
| ● |
| 相关链接 |
|
|
|
|
正题名:馆校结合·科学教育与新媒体
索取号:N282-53/99
 
预约/预借
| 序号 | 登录号 | 条形码 | 馆藏地/架位号 | 状态 | 备注 |
| 1 | 879964 | 208799647 | 第二样本阅览室/ [索取号:N282-53/99] | 在馆 | |
| 2 | 879965 | 208799656 | 教育系资料室/ [索取号:N282-53/99] | 在馆 | |
| 3 | 879966 | 208799665 | 教育系资料室/ [索取号:N282-53/99] | 在馆 | |
| 4 | 879967 | 208799674 | 教育系资料室/ [索取号:N282-53/99] | 在馆 | |
| 5 | 879968 | 208799683 | 第三借阅区/ [索取号:N282-53/99] | 在馆 | |
| 6 | 879969 | 208799692 | 第三借阅区/ [索取号:N282-53/99] | 在馆 |